|
|
|
|
| LEADER |
00000nam0a2200000 4500 |
| 001 |
202298 |
| 005 |
20231031185321.0 |
| 010 |
|
|
|a 9785170707140
|
| 010 |
|
|
|a 978-5-271-31525-1
|
| 035 |
|
|
|a (RuTPU)RU\TPU\book\220453
|
| 090 |
|
|
|a 202298
|
| 100 |
|
|
|a 20111010d2011 m y0rusy50 ca
|
| 101 |
0 |
|
|a rus
|
| 102 |
|
|
|a RU
|
| 105 |
|
|
|a y z 000ay
|
| 200 |
1 |
|
|a Запределье. Осколок Империи
|e роман
|f А. Ерпылев
|
| 210 |
|
|
|a Москва
|c АСТ
|c Астрель
|d 2011
|
| 215 |
|
|
|a 349 с.
|
| 330 |
|
|
|a Гражданская война была проиграна Белой Гвардией окончательно и бесповоротно. Немногим выжившим предстояли долгие скитания на неласковой для русского человека чужбине, вдали от накрытой кумачовым стягом Родины, проклявшей и забывшей своих сыновей.Но что, если нескольким патриотам удалось возводить осколок Империи в чужом, параллельном нашему, мире, который словно застыл во времени много веков назад? Здесь чистый воздух и девственная природа. Здесь водятся животные, которых давно считают вымершими. Здесь недра по-прежнему хранят все свои богатства. Здесь - Запределье...
|
| 488 |
|
1 |
|0 (RuTPU)RU\TPU\book\220441
|y 978-5-17-071965-5
|t Запределье. Второй шанс
|o роман
|f А. Ю. Ерпылев
|c М.
|n АСТ
|n Астрель
|d 2011
|p 352 с.
|a Ерпылев, Андрей Юрьевич
|
| 488 |
|
|
|y 978-5-271-32926-5
|
| 610 |
1 |
|
|a русская литература
|
| 610 |
1 |
|
|a романы
|
| 610 |
1 |
|
|a фантастика
|
| 675 |
|
|
|a Р2
|v 3
|
| 700 |
|
1 |
|a Ерпылев
|b А.
|g Андрей
|
| 801 |
|
1 |
|a RU
|b 63413507
|c 20111010
|
| 801 |
|
2 |
|a RU
|b 63413507
|c 20111017
|g RCR
|
| 942 |
|
|
|c BK
|